effect of rice bran on performance of broiler chicken in royal university of agriculture (ឥទ្ធិពលនៃការប្រើប្រាស់កន្ទក់ស្រូវ លើការលូតលាស់របស់មាន់សាច់នៅសាកលវិទ្យាល័យភូមិន្ទកសិកម្ម) (Record no. 2120)

000 -LEADER
fixed length control field 00714nam a22001577a 4500
003 - CONTROL NUMBER IDENTIFIER
control field OSt
005 - DATE AND TIME OF LATEST TRANSACTION
control field 20151007102224.0
008 - FIXED-LENGTH DATA ELEMENTS--GENERAL INFORMATION
fixed length control field 151007b xxu||||| |||| 00| 0 eng d
040 ## - CATALOGING SOURCE
Transcribing agency RUA
082 ## - DEWEY DECIMAL CLASSIFICATION NUMBER
Classification number AVM AN 2004 B074 Or.1
100 ## - MAIN ENTRY--PERSONAL NAME
9 (RLIN) 2250
Personal name AN, SOTHEARAK.
245 ## - TITLE STATEMENT
Title effect of rice bran on performance of broiler chicken in royal university of agriculture (ឥទ្ធិពលនៃការប្រើប្រាស់កន្ទក់ស្រូវ លើការលូតលាស់របស់មាន់សាច់នៅសាកលវិទ្យាល័យភូមិន្ទកសិកម្ម)
260 ## - PUBLICATION, DISTRIBUTION, ETC. (IMPRINT)
Place of publication, distribution, etc. Phnom Penh
Name of publisher, distributor, etc. RUA
Date of publication, distribution, etc. 2004
300 ## - PHYSICAL DESCRIPTION
Extent vi, 36p.
Other physical details ill.
Dimensions 29cm.
942 ## - ADDED ENTRY ELEMENTS (KOHA)
Source of classification or shelving scheme
Koha item type AVM
Holdings
Price effective from Date last seen Permanent Location Not for loan Date acquired Source of classification or shelving scheme Koha item type Lost status Withdrawn status Date last checked out Total Checkouts Shelving location Damaged status Barcode Current Location Full call number
2015-10-072016-03-30Library Block B 2015-10-07 AVM  2016-02-011B074 RUA015105Library Block BAVM AN 2004 B074 Or.1
2015-10-072016-02-05Library Block B 2015-10-07 AVM  2016-01-251B074 RUA015102Library Block BAVM AN 2004 B074 Or.2
មជ្ឈមណ្ឌលឯការនៃសាកលវិទ្យាល័យភូមិន្ទកសិកម្មចំការដូង

Powered by Koha